Käärijän tuotanto - Statistics

Yleistilastot
  • Tätä visaa on pelattu 18 kertaa
    8 viimeisimmän päivityksen jälkeen
  • Keskiarvotulos 30 / 49
Vastaustilastot
Levy Kappale % Oikein
People's Champion Autiomaa
100%
People's Champion Cha Cha Cha
100%
People's Champion Huhhahhei
100%
Peliä - EP Peliä
100%
People's Champion People's Champion
100%
Peliä - EP Punainen Marli
100%
Vain elämää Vantaalainen
100%
Vain elämää Aamuun asti
80%
People's Champion Bananas
80%
Fantastista Fantastista
80%
People's Champion It's Crazy It's Party
80%
Vain elämää Moottoritie on kuuma
80%
Single Paidaton riehuja
80%
People's Champion Ruoska
80%
People's Champion Takavoltti
80%
Single Urheilujätkä
80%
Fantastista Aikuinen
60%
Single Disko Balls
60%
Single #eurodab
60%
Vain elämää Hyväuskoinen
60%
Fantastista Intro
60%
People's Champion Kot Kot
60%
Single Menestynyt yksilö
60%
Vain elämää Menoo (Get on)
60%
Fantastista Mic Mac
60%
People's Champion Ready To Go
60%
Fantastista ROCK ROCK
60%
People's Champion Sex = Money
60%
People's Champion Skit
60%
Single TRAFIK!
60%
Vain elämää Unihiekkaa
60%
Single Välikuolema
60%
Vain elämää Vielä1
60%
Fantastista Viulunkieli
60%
Vain elämää Yhtä en saa
60%
Fantastista Hirttää kiinni
40%
Fantastista Kiertävä sirkus
40%
Peliä - EP Klo23
40%
Peliä - EP Miljonääri
40%
Fantastista Online
40%
Peliä - EP Puuta Heinää
40%
Single San Francisco Boy
40%
Fantastista Z
40%
Single AJOA
20%
Peliä - EP Alaks Olee
20%
Single Koppi tules
20%
Single Nou Roblem
20%
Single Siitä viis
20%
Fantastista Yhtä vailla
20%
Ehtoja vastaavia visoja ei löytynyt
Tulosjakauma
Jokaisen tuloksen saaneiden osuus
Persentiili vastausten määrän mukaan
Tuloshistoriasi
Et ole pelannut tätä visaa sen viimeisimmän päivityksen jälkeen